Statistics for Five Letter Geography A-Z #2

Click here to take the quiz!

General Stats

  • This quiz has been taken 822 times
    (820 since last reset)
  • The average score is 20 of 26

Answer Stats

ClueAnswer% Correct
DLanguage of the NetherlandsDutch
99%
CCountry of 1.3 billion peopleChina
96%
IU.S. state that produces the
most potatoes
Idaho
95%
UOpposite of ruralUrban
95%
QWealthiest Asian country per capitaQatar
94%
WWhere COVID-19 pandemic startedWuhan
93%
KSwahili-speaking countryKenya
91%
OSecond Japanese megacityOsaka
91%
RCurrency of IndiaRupee
91%
SAmerican site of witch trials in 1692Salem
88%
ZFormer name of the D.R. CongoZaire
88%
NOnce-wealthy Oceanian country,
thanks to its phosphate mining
Nauru
87%
YFar northwest Canadian territoryYukon
84%
MLeast-populous EU memberMalta
83%
VBrand of Italian scooterVespa
81%
ARing-shaped island made of coralAtoll
76%
GFormerly known as Gold CoastGhana
75%
FDanish archipelago in the AtlanticFaroe
67%
HLake with the largest lake islandHuron
67%
LFrance's longest riverLoire
67%
BCanada's first national parkBanff
63%
EMajor Ruhr Valley cityEssen
62%
PCzech name for PraguePraha
53%
TTerm for the vast subarctic forestsTaiga
51%
XOhio city whose name means
"hospitality" in ancient Greek
Xenia
17%
JChinese province with a major
Korean minority
Jilin
12%

Score Distribution

Percentile by Number Answered

Percent of People with Each Score

Your Score History

You have not taken this quiz since the last reset